[Event "DMP - II Liga seniorow"]
[Site "Mrzezyno"]
[Date "2011.09.06"]
[Round "4"]
[White "Gorczyca, Dominika"]
[Black "Kaczmarek, Julia"]
[Result "1/2-1/2"]
[WhiteElo "1925"]
[BlackElo "1751"]
[PlyCount "132"]
[EventDate "2011.09.??"]

1. d4 g6 2. Nf3 Bg7 3. g3 d6 4. Bg2 f5 5. O-O Nf6 6. c3 O-O 7. Nbd2 c6 8. Re1
Ne4 9. Qc2 Nxd2 10. Bxd2 e5 11. dxe5 dxe5 12. Rad1 e4 13. Ng5 Qf6 14. Bf4 h6
15. Nh3 Nd7 16. f3 exf3 17. exf3 Qf7 18. Bd6 Re8 19. Nf4 Be5 20. Bf1 Kg7 21.
Qd2 g5 22. Bxe5+ Nxe5 23. Qd4 c5 24. Qe3 Bd7 25. Nd5 Bc6 26. c4 Ng6 27. Qxc5 a6
28. Kg2 Rxe1 29. Rxe1 Re8 30. Rxe8 Qxe8 31. Qd4+ Qe5 32. Qd2 Ne7 33. Nb4 g4 34.
Nxc6 gxf3+ 35. Kxf3 Qe4+ 36. Kf2 Qxc6 37. Bg2 Qc5+ 38. Qe3 Qc7 39. b3 Kg6 40.
Qe6+ Kg7 41. Bf3 Ng6 42. Qxf5 Ne5 43. Be4 Qc5+ 44. Ke2 Qd4 45. Qh7+ Kf6 46.
Qxh6+ Ke7 47. Qg7+ Kd8 48. Qg8+ Ke7 49. Qd5 Qa1 50. Qxb7+ Ke8 51. Qxa6 Qb2+ 52.
Ke3 Qc3+ 53. Kf4 Nd7 54. Qe6+ Kd8 55. Bf5 Qd2+ 56. Kg4 Qd4+ 57. Kg5 Qd2+ 58.
Kh5 Qxh2+ 59. Kg4 Ne5+ 60. Qxe5 Qh3+ 61. Kf3 Qg2+ 62. Ke3 Qd2+ 63. Kf3 Qg2+ 64.
Kg4 Qh3+ 65. Kf4 Qxg3+ 66. Ke4 Qd3+ 1/2-1/2

[Event "DMP - II Liga seniorow"]
[Site "Mrzezyno"]
[Date "2011.09.06"]
[Round "4"]
[White "Szydlowska-duda, Marta"]
[Black "Zareba, Radoslaw"]
[Result "0-1"]
[WhiteElo "2072"]
[BlackElo "2039"]
[PlyCount "82"]
[EventDate "2011.09.??"]

1. d4 Nf6 2. Nf3 c5 3. d5 d6 4. Nc3 g6 5. h3 Bg7 6. e4 O-O 7. Be2 Na6 8. O-O
Nc7 9. Re1 Rb8 10. a4 b6 11. Bf1 a6 12. Bf4 b5 13. axb5 axb5 14. Qd2 b4 15. Nd1
Bd7 16. Bh6 e6 17. Bxg7 Kxg7 18. Bc4 exd5 19. exd5 Re8 20. Ne3 Ra8 21. Qd3 Ne4
22. Bb3 Qf6 23. Rxa8 Nxa8 24. Nc4 Bf5 25. Qd1 Nc7 26. Re3 h5 27. Ncd2 Qxb2 28.
Nxe4 Rxe4 29. Qe1 Rxe3 30. Qxe3 Bxc2 31. Bc4 Qc3 32. Qf4 b3 33. Qxd6 b2 34. Ba2
Ne8 35. Qe7 Bb3 36. Bb1 Qc1+ 37. Kh2 Qxb1 38. Qxe8 Qf5 39. Nd2 Qf4+ 40. Kg1
Qxd2 41. Qe5+ Kh7 0-1

[Event "DMP - II Liga seniorow"]
[Site "Mrzezyno"]
[Date "2011.09.06"]
[Round "4"]
[White "Krainski, Aleksander"]
[Black "Licznerski, Lukasz"]
[Result "1/2-1/2"]
[WhiteElo "2248"]
[BlackElo "2180"]
[PlyCount "97"]
[EventDate "2011.09.??"]

1. Nf3 Nf6 2. g3 b6 3. Bg2 Bb7 4. O-O e6 5. d3 c5 6. e4 Nc6 7. Nbd2 d5 8. Re1
g6 9. c3 Bg7 10. exd5 Nxd5 11. Nc4 Qc7 12. a4 O-O 13. Qb3 a6 14. h4 Rab8 15. h5
Ba8 16. Bd2 b5 17. axb5 axb5 18. Ne3 Nce7 19. hxg6 hxg6 20. Ng4 Nf5 21. Qd1 Qb6
22. Nge5 Rbd8 23. Rxa8 Rxa8 24. Nd7 Qd6 25. Nxf8 Rxf8 26. Ng5 Rd8 27. Ne4 Qb6
28. Bg5 Rc8 29. g4 Nd6 30. Qf3 Qc7 31. Nf6+ Nxf6 32. Bxf6 Bxf6 33. Qxf6 Ne8 34.
Qf3 Rd8 35. Ra1 Kg7 36. Ra8 Nf6 37. Rxd8 Qxd8 38. Bf1 Qd6 39. Be2 Nd5 40. Bf1
Qe5 41. Qd1 b4 42. d4 cxd4 43. Qxd4 Qxd4 44. cxd4 Ne7 45. Bb5 Kf6 46. Kg2 e5
47. dxe5+ Kxe5 48. Kf3 g5 49. Bc4 1/2-1/2

[Event "DMP - II Liga seniorow"]
[Site "Mrzezyno"]
[Date "2011.09.06"]
[Round "4"]
[White "Kulczyk, Pawel"]
[Black "Robak, Zbigniew"]
[Result "0-1"]
[WhiteElo "2082"]
[BlackElo "2245"]
[PlyCount "50"]
[EventDate "2011.09.??"]

1. d4 d5 2. c4 e6 3. Nc3 c6 4. Nf3 Nf6 5. Bg5 dxc4 6. e4 b5 7. e5 h6 8. Bh4 g5
9. Nxg5 hxg5 10. Bxg5 Nbd7 11. Qf3 Bb7 12. exf6 Qb6 13. Be3 c5 14. d5 b4 15.
Na4 Qa5 16. b3 Bxd5 17. Qd1 O-O-O 18. bxc4 Bc6 19. Nb2 Nxf6 20. Qb3 Ng4 21. Bg5
f6 22. Bf4 Rd4 23. Bg3 Bh6 24. f3 Ne3 25. Bf2 Nc2+ 0-1

[Event "DMP - II Liga seniorow"]
[Site "Mrzezyno"]
[Date "2011.09.06"]
[Round "4"]
[White "Kudelka, Janusz"]
[Black "Katafiasz, Tomasz"]
[Result "1-0"]
[WhiteElo "2065"]
[BlackElo "1905"]
[PlyCount "49"]
[EventDate "2011.09.??"]

1. e4 c5 2. Nf3 Nc6 3. d4 cxd4 4. Nxd4 Nf6 5. Nc3 e5 6. Ndb5 d6 7. Bg5 a6 8.
Bxf6 gxf6 9. Na3 b5 10. Nd5 f5 11. Bxb5 axb5 12. Nxb5 Ra4 13. Nbc7+ Kd7 14. O-O
Qg5 15. f3 Rd4 16. Qe1 Rd2 17. Rf2 Nd4 18. Kh1 Rxc2 19. Rxc2 Nxc2 20. Qc3 Nxa1
21. Nb6+ Kd8 22. Ncd5 Be6 23. Qc7+ Ke8 24. Qc6+ Kd8 25. Qa8+ 1-0

[Event "DMP - II Liga seniorow"]
[Site "Mrzezyno"]
[Date "2011.09.06"]
[Round "4"]
[White "Deckert, Magdalena"]
[Black "Weglarz, Joanna"]
[Result "0-1"]
[WhiteElo "1998"]
[BlackElo "1992"]
[PlyCount "64"]
[EventDate "2011.09.??"]

1. e4 c5 2. Nf3 Nc6 3. d4 cxd4 4. Nxd4 e5 5. Nf3 Nf6 6. Nbd2 Bc5 7. Bb5 Bxf2+
8. Kf1 Bc5 9. Qe2 d6 10. Nb3 Bb6 11. Be3 Bxe3 12. Qxe3 Ng4 13. Qe2 Qb6 14. Re1
O-O 15. h3 Ne3+ 16. Qxe3 Qxb5+ 17. Qe2 Qb6 18. Qe3 Qa6+ 19. Kf2 f5 20. Rhf1 Nb4
21. Qd2 Qb6+ 22. Kg3 Nxa2 23. Qd5+ Kh8 24. c3 f4+ 25. Kh2 Rf6 26. Ng5 h6 27.
Nd2 hxg5 28. Qxa2 Be6 29. Qb1 g4 30. b4 Rh6 31. Qc1 gxh3 32. gxh3 Bxh3 0-1

[Event "DMP - II Liga seniorow"]
[Site "Mrzezyno"]
[Date "2011.09.06"]
[Round "4"]
[White "Drozdzynski, Daniel"]
[Black "Flis, Jacek"]
[Result "1-0"]
[WhiteElo "2000"]
[BlackElo "2302"]
[PlyCount "49"]
[EventDate "2011.09.??"]

1. e4 c5 2. Nc3 Nc6 3. g3 g6 4. Bg2 Bg7 5. d3 d6 6. Nge2 e6 7. O-O Nge7 8. f4
O-O 9. g4 Nd4 10. Ng3 Nec6 11. Nce2 f5 12. c3 Nxe2+ 13. Qxe2 fxg4 14. Qxg4 d5
15. h4 dxe4 16. dxe4 Qe8 17. h5 Ne7 18. Be3 b6 19. hxg6 hxg6 20. e5 Nd5 21.
Rae1 Rb8 22. Ne4 Bd7 23. Nd6 Qd8 24. Rf3 Ne7 25. Rh3 1-0

[Event "DMP - II Liga seniorow"]
[Site "Mrzezyno"]
[Date "2011.09.06"]
[Round "4"]
[White "Ciesla, Adam"]
[Black "Hanusek, Sebastian"]
[Result "1-0"]
[WhiteElo "2313"]
[BlackElo "2028"]
[PlyCount "97"]
[EventDate "2011.09.??"]

1. e4 e5 2. Nf3 Nc6 3. d4 exd4 4. Bc4 Bc5 5. c3 d3 6. O-O d6 7. Qxd3 Be6 8. b4
Bxc4 9. Qxc4 Bb6 10. a4 a6 11. Rd1 Qf6 12. Bg5 Qe6 13. Nbd2 Nf6 14. Qxe6+ fxe6
15. Bxf6 gxf6 16. Nc4 Ke7 17. Kf1 Nd8 18. Ke2 Rg8 19. g3 Nf7 20. Nfd2 Ba7 21.
Rdb1 d5 22. Na5 Nd6 23. exd5 exd5 24. c4 dxc4 25. Ndxc4 Ne4 26. Rc1 Nxf2 27.
Nxb7 Rae8 28. Ra3 Kd7+ 29. Kf3 Re6 30. Ne3 Rb8 31. Nc5+ Bxc5 32. Rxc5 Nh3 33.
Rd3+ Rd6 34. Nd5 Ng5+ 35. Ke2 Re8+ 36. Kf1 Ne6 37. Nxf6+ Kd8 38. Rxd6+ cxd6 39.
Rc8+ Kxc8 40. Nxe8 Kb7 41. Nxd6+ Kc6 42. Ne4 Kd5 43. Nf6+ Kc4 44. b5 a5 45.
Nxh7 Kb4 46. b6 Nc5 47. g4 Kxa4 48. g5 Kb5 49. g6 1-0

[Event "DMP - II Liga seniorow"]
[Site "Mrzezyno"]
[Date "2011.09.06"]
[Round "4"]
[White "Wesolowski, Edgar"]
[Black "Klekowski, Maciej"]
[Result "0-1"]
[WhiteElo "1960"]
[BlackElo "2271"]
[PlyCount "80"]
[EventDate "2011.09.??"]

1. c4 c5 2. Nc3 Nc6 3. Nf3 Nf6 4. d4 cxd4 5. Nxd4 g6 6. g3 d6 7. Bg2 Bd7 8. O-O
Bg7 9. b3 O-O 10. Bb2 Rc8 11. Nd5 Nxd5 12. Bxd5 Qb6 13. Nxc6 bxc6 14. Bxg7 Kxg7
15. Bg2 a5 16. e3 c5 17. Qd3 Bc6 18. Bxc6 Rxc6 19. e4 Rb8 20. Qc3+ Kg8 21. e5
dxe5 22. Qxe5 Re6 23. Qc3 Rd8 24. Rfe1 Rxe1+ 25. Rxe1 e6 26. Re2 Rd1+ 27. Kg2
Rd4 28. Rb2 e5 29. a3 Qb7+ 30. Qf3 e4 31. Qe3 Rd3 32. Qxc5 e3+ 33. Kh3 Qd7+ 34.
Kg2 Rd2 35. Qe5 Rxb2 36. Qxb2 Qd2 37. Qe5 Qxf2+ 38. Kh3 Qf1+ 39. Kg4 h5+ 40.
Kg5 f6+ 0-1

[Event "DMP - II Liga seniorow"]
[Site "Mrzezyno"]
[Date "2011.09.06"]
[Round "4"]
[White "Anglart, Edward"]
[Black "Bednarski, Dawid"]
[Result "0-1"]
[WhiteElo "1858"]
[BlackElo "1941"]
[PlyCount "70"]
[EventDate "2011.09.??"]

1. e4 c5 2. Nf3 Nc6 3. d4 cxd4 4. Nxd4 Nf6 5. Nc3 e5 6. Ndb5 d6 7. Bg5 a6 8.
Bxf6 gxf6 9. Na3 b5 10. Nd5 f5 11. Bd3 Be6 12. c3 Bg7 13. Bc2 f4 14. g3 Bxd5
15. exd5 Ne7 16. gxf4 exf4 17. Qg4 Be5 18. O-O-O Qb6 19. Qe2 Rb8 20. Rhe1 Rb7
21. Qg4 f6 22. Qg7 Rg8 23. Qxh7 Qxf2 24. Bf5 Kd8 25. Be6 Rg2 26. Nc2 Ng6 27.
Qg8+ Kc7 28. Qc8+ Kb6 29. Bf5 Ne7 30. Qd8+ Ka7 31. Be4 Rxh2 32. Rf1 Qc5 33. Nb4
Rxb2 34. Kxb2 Qxc3+ 35. Kb1 Qb2# 0-1

[Event "DMP - II Liga seniorow"]
[Site "Mrzezyno"]
[Date "2011.09.06"]
[Round "4"]
[White "Steczek, Marcin"]
[Black "Plonczak, Dominik"]
[Result "1/2-1/2"]
[WhiteElo "2409"]
[BlackElo "2160"]
[PlyCount "133"]
[EventDate "2011.09.??"]

1. e3 g6 2. Nf3 Bg7 3. Be2 Nf6 4. O-O O-O 5. c4 d6 6. Nc3 e5 7. b3 Nc6 8. Bb2
h6 9. Rc1 Be6 10. d3 Nd7 11. d4 Bg4 12. Nxe5 Bxe2 13. Nxc6 Bxd1 14. Nxd8 Bxb3
15. axb3 Rfxd8 16. Ba3 Rac8 17. Rfd1 f5 18. Nd5 Kf7 19. g3 Nf8 20. Nf4 g5 21.
Nd3 Ng6 22. Kg2 h5 23. h3 c6 24. Rc2 Ke6 25. Ra2 a6 26. Bb4 Kd7 27. Ra5 Rf8 28.
Bd2 Rce8 29. b4 h4 30. g4 Ne7 31. b5 axb5 32. cxb5 Ra8 33. bxc6+ bxc6 34. Rda1
Rxa5 35. Rxa5 Ke6 36. gxf5+ Rxf5 37. Ra6 Rb5 38. Nb4 Nd5 39. Nd3 Rb3 40. Ne1
Rb6 41. Ra7 Bf6 42. Nf3 Rb3 43. Ra8 Nc3 44. Bxc3 Rxc3 45. Re8+ Kf7 46. Rc8 Rc2
47. e4 Rc4 48. Rc7+ Ke6 49. Rxc6 Rxc6 50. d5+ Kd7 51. dxc6+ Kxc6 52. Ne1 d5 53.
Kf3 Bd4 54. exd5+ Kxd5 55. Nc2 Bc5 56. Ne3+ Ke5 57. Ng4+ Kf5 58. Kg2 Kf4 59. f3
Bd4 60. Nh6 Bb6 61. Ng8 Bd8 62. Nh6 Bb6 63. Ng4 Bd4 64. Nh2 Bc3 65. Nf1 Bb4 66.
Kf2 Bc5+ 67. Kg2 1/2-1/2

[Event "DMP - II Liga seniorow"]
[Site "Mrzezyno"]
[Date "2011.09.06"]
[Round "4"]
[White "Bartkowiak, Damian"]
[Black "Meczynski, Waldemar"]
[Result "1/2-1/2"]
[WhiteElo "2119"]
[BlackElo "2132"]
[PlyCount "115"]
[EventDate "2011.09.??"]

1. d4 Nf6 2. Nf3 e6 3. c4 Bb4+ 4. Nc3 c5 5. g3 cxd4 6. Nxd4 Ne4 7. Qd3 Qa5 8.
Nc2 Bxc3+ 9. bxc3 Nc5 10. Qe3 b6 11. Bg2 Bb7 12. Bxb7 Nxb7 13. Ba3 Nc6 14. Rd1
Nc5 15. O-O O-O 16. Bxc5 bxc5 17. Rxd7 Qxa2 18. Qe4 Ne5 19. Rb7 Nxc4 20. Ra1
Nd6 21. Rxa2 Nxe4 22. c4 a5 23. Ne1 Nd6 24. Rd7 Nxc4 25. Nd3 Rfc8 26. Rc2 Nb6
27. Rb7 Nd5 28. Rxc5 Rxc5 29. Nxc5 Nc3 30. Rb2 Kf8 31. Rc2 Nd5 32. e4 Nb4 33.
Rc4 Ke7 34. Nb3 Nd3 35. Ra4 Rb8 36. Nxa5 Rb1+ 37. Kg2 Rb2 38. Nc6+ Kf6 39. Rd4
Rxf2+ 40. Kg1 Rd2 41. e5+ Kg5 42. h4+ Kh5 43. Rd7 Rd1+ 44. Kh2 Rc1 45. Rxd3
Rxc6 46. Rf3 Kg6 47. h5+ Kxh5 48. Rxf7 Kh6 49. Re7 g6 50. Kh3 Kg5 51. Rxh7 Rc5
52. Rh4 Rxe5 53. Rg4+ Kf6 54. Ra4 Re3 55. Rf4+ Kg5 56. Rg4+ Kf6 57. Rf4+ Kg5
58. Rg4+ 1/2-1/2

[Event "DMP - II Liga seniorow"]
[Site "Mrzezyno"]
[Date "2011.09.06"]
[Round "4"]
[White "Walaszczyk, Witold"]
[Black "Duszczak, Dariusz"]
[Result "1-0"]
[WhiteElo "2245"]
[BlackElo "2039"]
[PlyCount "119"]
[EventDate "2011.09.??"]

1. d4 f5 2. c4 e6 3. Nf3 Nf6 4. g3 d5 5. Bg2 c6 6. Qc2 Bd6 7. O-O O-O 8. b3 Qe7
9. a4 Nbd7 10. Ba3 Bxa3 11. Nxa3 Ne4 12. Nd2 Nxd2 13. Qxd2 f4 14. b4 fxg3 15.
hxg3 Rf6 16. e4 dxe4 17. Rfe1 Rh6 18. Rxe4 Nf6 19. Re5 Bd7 20. Nc2 Rf8 21. Ne3
Qf7 22. b5 Kh8 23. Re1 Rh5 24. Rxh5 Qxh5 25. Qb4 Qf7 26. Re2 h6 27. Qd6 Rc8 28.
Qf4 Qg6 29. bxc6 Qb1+ 30. Nf1 bxc6 31. Qd2 Qb3 32. Qa2 Qxa2 33. Rxa2 Rb8 34.
Ne3 Rb1+ 35. Kh2 a5 36. Bf3 Rb4 37. Kg2 Kg8 38. Kf1 Kf8 39. Ke1 Ke7 40. Kd2 h5
41. Kc3 g6 42. Ra1 c5 43. dxc5 Bxa4 44. Ra3 Kd7 45. Kd4 Ke7 46. Nd1 Bxd1 47.
Bxd1 Rb2 48. Ke3 Rb4 49. Kd3 Nd7 50. Rxa5 Ne5+ 51. Kd4 Nc6+ 52. Kc3 Rb1 53. Bc2
Rf1 54. Ra6 Ne5 55. f4 Ng4 56. Ra7+ Kd8 57. c6 Rf3+ 58. Kd4 Rxg3 59. Kc5 Rg2
60. c7+ 1-0

[Event "DMP - II Liga seniorow"]
[Site "Mrzezyno"]
[Date "2011.09.06"]
[Round "4"]
[White "Smagalski, Slawomir"]
[Black "Zgarda, Jakub"]
[Result "1-0"]
[WhiteElo "2035"]
[BlackElo "1869"]
[PlyCount "75"]
[EventDate "2011.09.??"]

1. Nf3 b5 2. d4 Bb7 3. e3 a6 4. Bd3 Nf6 5. b3 e6 6. O-O c5 7. c4 cxd4 8. Nxd4
bxc4 9. Bxc4 Nc6 10. Bb2 Be7 11. Qe2 Qb6 12. Nd2 O-O 13. Rfd1 Nb4 14. a3 Nc6
15. b4 Rfc8 16. Rac1 d5 17. Bd3 Rc7 18. Nxc6 Rxc6 19. Nb3 Rxc1 20. Rxc1 Rc8 21.
Rxc8+ Bxc8 22. Bxf6 Bxf6 23. Bxh7+ Kxh7 24. Qc2+ Kh6 25. Qxc8 Be7 26. Nd4 a5
27. Qc6 Qb8 28. Nf5+ Kh7 29. Nxe7 axb4 30. Qc2+ g6 31. Nc6 b3 32. Qb2 Qb5 33.
Nd4 Qa5 34. g3 e5 35. Nxb3 Qe1+ 36. Kg2 Qd1 37. h4 e4 38. Nd4 1-0

[Event "DMP - II Liga seniorow"]
[Site "Mrzezyno"]
[Date "2011.09.06"]
[Round "4"]
[White "Huchwajda, Katarzyna"]
[Black "Swiatnicka, Malgorzata"]
[Result "1/2-1/2"]
[WhiteElo "1854"]
[BlackElo "1822"]
[PlyCount "105"]
[EventDate "2011.09.??"]

1. e4 e5 2. Nf3 Nc6 3. Nc3 Nf6 4. Bb5 Bb4 5. O-O O-O 6. d3 d6 7. Bg5 Bxc3 8.
bxc3 Ne7 9. h3 c6 10. Bc4 Ng6 11. Re1 h6 12. Bc1 Re8 13. Bb3 Be6 14. c4 Qd7 15.
Kh2 Rad8 16. Ba4 Nh7 17. Be3 f5 18. exf5 Bxf5 19. Nd2 Rf8 20. f3 Qe7 21. Rf1
Nf4 22. Qe1 Qf7 23. Rb1 Nf6 24. Qf2 a6 25. Ne4 b5 26. Bb3 b4 27. Ba4 c5 28. Ra1
Ne6 29. a3 a5 30. axb4 axb4 31. Bc6 Nd4 32. Ra6 Nxc6 33. Rxc6 Nxe4 34. fxe4 Bc8
35. Qxf7+ Rxf7 36. Rxf7 Kxf7 37. Rc7+ Kf6 38. Bf2 Bd7 39. Ra7 Bc6 40. Kg3 Ra8
41. Rxa8 Bxa8 42. Kf3 Bc6 43. Ke2 Kg5 44. Kd2 Kf4 45. c3 bxc3+ 46. Kxc3 Kg5 47.
Kd2 Ba4 48. Ke2 Kf6 49. Bh4+ g5 50. Be1 h5 51. Bd2 g4 52. hxg4 hxg4 53. g3
1/2-1/2

[Event "DMP - II Liga seniorow"]
[Site "Mrzezyno"]
[Date "2011.09.06"]
[Round "4"]
[White "Sendera, Jaroslaw"]
[Black "Banasik, Krzysztof"]
[Result "1-0"]
[WhiteElo "2318"]
[BlackElo "2241"]
[PlyCount "75"]
[EventDate "2011.09.??"]

1. e4 e5 2. Nf3 Nc6 3. Bb5 f5 4. d3 fxe4 5. dxe4 Nf6 6. O-O d6 7. Nc3 Be7 8. a3
Bg4 9. Qd3 Bxf3 10. Qxf3 O-O 11. Qd3 Kh8 12. Nd5 Nd4 13. Bc4 Qd7 14. c3 Ne6 15.
Qh3 Rae8 16. f3 Bd8 17. Be3 a6 18. Rad1 Qf7 19. b4 Nh5 20. g3 b5 21. Ba2 Qg6
22. Qg4 Qxg4 23. fxg4 Rxf1+ 24. Rxf1 Nf6 25. Nxf6 gxf6 26. h4 Kg7 27. Bd5 c5
28. Bb7 Bc7 29. Ra1 a5 30. Bc6 Rb8 31. Bd5 Nf8 32. g5 fxg5 33. Rf1 Bb6 34. bxa5
Bxa5 35. Rf7+ Kg6 36. Bxg5 Bxc3 37. Rf6+ Kh5 38. Bb3 1-0

[Event "DMP - II Liga seniorow"]
[Site "Mrzezyno"]
[Date "2011.09.06"]
[Round "4"]
[White "Tustanowski, Robert"]
[Black "Wajda, Mariusz"]
[Result "1-0"]
[WhiteElo "2274"]
[BlackElo "1893"]
[PlyCount "93"]
[EventDate "2011.09.??"]

1. e4 e6 2. d3 d5 3. Qe2 Nf6 4. Nf3 b6 5. e5 Nfd7 6. g3 c5 7. Bg2 Nc6 8. O-O
Qc7 9. Re1 Be7 10. c4 d4 11. h4 Bb7 12. Nbd2 O-O 13. Nf1 Rae8 14. N1h2 Nd8 15.
Ng5 Bxg2 16. Kxg2 Qc6+ 17. Kg1 f6 18. exf6 Bxf6 19. Ne4 Nf7 20. Nf3 Bd8 21. a3
Bc7 22. b4 Nd6 23. b5 Qb7 24. Nxd6 Bxd6 25. Ng5 e5 26. Ne4 Bb8 27. Kg2 Nf6 28.
Ra2 h6 29. Qf3 Nxe4 30. Qxe4 Qxe4+ 31. Rxe4 Re7 32. f3 Ref7 33. Rf2 Bc7 34. h5
Kh7 35. Rf1 Rf5 36. g4 R5f7 37. Bd2 Bd6 38. Be1 Rf4 39. Re2 Re8 40. Bg3 Rf7 41.
f4 Rfe7 42. Rfe1 e4 43. Rxe4 Rxe4 44. Rxe4 Rxe4 45. dxe4 g6 46. hxg6+ Kxg6 47.
f5+ 1-0

[Event "DMP - II Liga seniorow"]
[Site "Mrzezyno"]
[Date "2011.09.06"]
[Round "4"]
[White "Buksa, Ewelina"]
[Black "Sygulska, Anna"]
[Result "0-1"]
[WhiteElo "1562"]
[BlackElo "1885"]
[PlyCount "88"]
[EventDate "2011.09.??"]

1. e4 c5 2. Nf3 Nc6 3. d4 cxd4 4. Nxd4 Nf6 5. Nc3 g6 6. Be3 Bg7 7. Be2 O-O 8.
O-O d5 9. exd5 Nxd5 10. Nxd5 Qxd5 11. Nxc6 Qxc6 12. c3 Bf5 13. Qb3 Be4 14. Bb5
Qc7 15. Rfd1 Bf5 16. Rd2 a6 17. Bf1 b5 18. g3 Be6 19. Qc2 Rac8 20. Bf4 Qc5 21.
Be3 Qc7 22. a3 Be5 23. Bg2 Rfd8 24. h3 Bf5 25. Qd1 Rxd2 26. Qxd2 Rd8 27. Qe1
Bc2 28. Qe2 Bb3 29. Re1 Bf6 30. Bf4 Qc5 31. Kh2 e6 32. Be3 Qf5 33. Bb7 a5 34.
Bg2 a4 35. Bf4 Bg5 36. Be3 Bc4 37. Qf3 Qxf3 38. Bxf3 Bxe3 39. Rxe3 Rd2 40. Kg2
Rxb2 41. Bc6 Rb3 42. f4 Rxa3 43. Kf2 Rb3 44. Re5 a3 0-1

[Event "DMP - II Liga seniorow"]
[Site "Mrzezyno"]
[Date "2011.09.06"]
[Round "4"]
[White "Stepniak, Przemyslaw"]
[Black "Maciaga, Marcin"]
[Result "1/2-1/2"]
[WhiteElo "1879"]
[BlackElo "2241"]
[PlyCount "120"]
[EventDate "2011.09.??"]

1. f4 d5 2. Nf3 g6 3. e3 Bg7 4. d4 Nf6 5. Bd3 c5 6. c3 Nc6 7. O-O Qc7 8. Qe1 c4
9. Bc2 Bf5 10. Bxf5 gxf5 11. Nbd2 O-O 12. Ne5 Nd8 13. Qh4 b5 14. h3 b4 15. Nb1
Rb8 16. cxb4 Rxb4 17. Nc3 Qb7 18. Rf2 Ne4 19. Nxe4 dxe4 20. a3 Ra4 21. Rc2 Qb3
22. Qf2 Ne6 23. Qe2 Rc8 24. Rc3 Qb7 25. Qh5 Bxe5 26. fxe5 Ng7 27. Qd1 Ra6 28.
Qc2 Qd5 29. Qf2 f6 30. exf6 Rxf6 31. Bd2 Rg6 32. Rac1 Rgc6 33. Qg3 Kf7 34. Be1
Rg6 35. Qh4 Rcc6 36. Qf2 Ne8 37. Kh1 Kg7 38. Qh4 Nf6 39. Qf4 Kf7 40. Bh4 Nd7
41. g4 e6 42. Rf1 Kg7 43. gxf5 Qxf5 44. Qxf5 exf5 45. Rxf5 Rb6 46. Rc2 Rb3 47.
Re2 c3 48. bxc3 Rxc3 49. Ra5 a6 50. Kh2 Rc1 51. Bg3 Rb6 52. Be5+ Nxe5 53. Rxe5
Rb3 54. Rxe4 Rxa3 55. Re7+ Kg6 56. Rg2+ Kf6 57. Rxh7 Rxe3 58. Rh6+ Kf5 59. Rxa6
Rd1 60. Rd6 Red3 1/2-1/2

[Event "DMP - II Liga seniorow"]
[Site "Mrzezyno"]
[Date "2011.09.06"]
[Round "4"]
[White "Pazderski, Ziemowit"]
[Black "Kielbratowski, Aleksander"]
[Result "1/2-1/2"]
[WhiteElo "2231"]
[BlackElo "2089"]
[PlyCount "82"]
[EventDate "2011.09.??"]

1. d4 Nf6 2. c4 g6 3. Nc3 Bg7 4. e4 d6 5. f3 O-O 6. Be3 Nc6 7. Nge2 e5 8. d5
Na5 9. Qd3 b6 10. b4 Nb7 11. g4 a5 12. b5 Nc5 13. Qd2 h5 14. h3 Kh7 15. Bg5 Qe8
16. Ng3 h4 17. Bxh4 Ng8 18. Bg5 f6 19. h4 Ne7 20. Be3 f5 21. Be2 Nd7 22. gxf5
gxf5 23. exf5 Nxf5 24. Nxf5 Rxf5 25. Bd3 e4 26. fxe4 Ne5 27. O-O-O Rf3 28. Kc2
Nxd3 29. Qxd3 Bf5 30. Rhf1 Bxc3 31. Qxc3 Qxe4+ 32. Kd2 Re8 33. Rxf3 Qxf3 34.
Rg1 Re5 35. Rg5 Qh3 36. h5 Qh2+ 37. Kc1 Qxa2 38. h6 Qb1+ 39. Kd2 Qa2+ 40. Kc1
Qb1+ 41. Kd2 Qa2+ 1/2-1/2

[Event "DMP - II Liga seniorow"]
[Site "Mrzezyno"]
[Date "2011.09.06"]
[Round "4"]
[White "Krasiewicz, Robert"]
[Black "Szylko, Waldemar"]
[Result "1-0"]
[WhiteElo "2065"]
[BlackElo "2060"]
[PlyCount "83"]
[EventDate "2011.09.??"]

1. d4 c6 2. g3 g6 3. Bg2 Bg7 4. c4 d5 5. cxd5 cxd5 6. Nc3 Nf6 7. Nf3 O-O 8. O-O
Nc6 9. Ne5 e6 10. Nxc6 bxc6 11. Na4 Re8 12. Bg5 h6 13. Bd2 Nd7 14. Rc1 Bb7 15.
Bf4 g5 16. Be3 Rb8 17. b3 Qe7 18. Qd2 Ba8 19. Qa5 Nb6 20. Nc5 e5 21. dxe5 Bxe5
22. Nd3 Bg7 23. Bc5 Qxe2 24. Rcd1 Qc2 25. Qxa7 Rb7 26. Qa6 Reb8 27. Rc1 Qe2 28.
Rfe1 Qg4 29. Bd6 Rd8 30. Nc5 Rbd7 31. Nxd7 Nxd7 32. Qa5 Bf6 33. Be7 Rc8 34.
Bxd5 Bd4 35. Re4 Bxf2+ 36. Kxf2 Qf5+ 37. Kg2 Re8 38. Bf6 Kh7 39. Rxe8 Nxf6 40.
Be4 c5 41. Qxa8 Nxe4 42. Qxe4 1-0

[Event "DMP - II Liga seniorow"]
[Site "Mrzezyno"]
[Date "2011.09.06"]
[Round "4"]
[White "Dziopa, Malgorzata"]
[Black "Wierzbicka, Wiktoria"]
[Result "0-1"]
[WhiteElo "1816"]
[BlackElo "2023"]
[PlyCount "114"]
[EventDate "2011.09.??"]

1. d4 c5 2. dxc5 e6 3. Nf3 Bxc5 4. c4 Nf6 5. Nc3 O-O 6. e3 b6 7. Be2 Bb7 8. O-O
d5 9. cxd5 Nxd5 10. Bd2 Nd7 11. Nxd5 Bxd5 12. Bc3 Nf6 13. Qa4 Ne4 14. Bd4 Bd6
15. Be5 Bxe5 16. Nxe5 Qg5 17. f4 Nc5 18. fxg5 Nxa4 19. b3 Nc5 20. Bf3 Rad8 21.
Rad1 Bxf3 22. gxf3 f6 23. gxf6 gxf6 24. Nc6 Rde8 25. b4 Na4 26. Rd7 Rf7 27.
Rxa7 Rxa7 28. Nxa7 Nc3 29. Rf2 Ra8 30. Nc6 Rxa2 31. Rxa2 Nxa2 32. Ne7+ Kf8 33.
Nc8 b5 34. Nd6 Nc3 35. Nb7 Ke7 36. e4 Na2 37. Kf2 Nxb4 38. Ke3 Kd7 39. f4 e5
40. fxe5 fxe5 41. Nc5+ Kd6 42. Nb3 Na6 43. Kf3 Nc5 44. Nd2 Nd7 45. Nb3 b4 46.
Kg4 Nc5 47. Nd2 Nd3 48. Nb3 Kc6 49. h4 Kb5 50. Nd2 Kc5 51. Kg5 Kd4 52. Nb3+
Kxe4 53. Nd2+ Kd4 54. Kh6 e4 55. Kxh7 e3 56. Nf3+ Ke4 57. Ng1 Nf4 0-1

[Event "DMP - II Liga seniorow"]
[Site "Mrzezyno"]
[Date "2011.09.06"]
[Round "4"]
[White "Fudalej, Grzegorz"]
[Black "Bokiej, Przemyslaw"]
[Result "1/2-1/2"]
[WhiteElo "2147"]
[BlackElo "2125"]
[PlyCount "93"]
[EventDate "2011.09.??"]

1. g3 e5 2. Bg2 d5 3. d3 Nc6 4. Nf3 f5 5. O-O Nf6 6. Bg5 h6 7. Bxf6 Qxf6 8. e4
dxe4 9. dxe4 Bd6 10. Nc3 Be6 11. exf5 Bxf5 12. Nh4 Bh7 13. Ne4 Bxe4 14. Bxe4
O-O 15. c3 Ne7 16. Bxb7 Rab8 17. Bd5+ Kh8 18. Bb3 g6 19. Qd2 Kg7 20. Qe3 a5 21.
Rab1 Nf5 22. Nxf5+ gxf5 23. f4 exf4 24. gxf4 Kh7 25. Kh1 Rbe8 26. Qg3 Bc5 27.
Rbe1 Qd8 28. Rd1 Qa8+ 29. Bd5 Qa6 30. Rfe1 Rxe1+ 31. Rxe1 Rd8 32. c4 Qf6 33.
Re2 a4 34. h3 a3 35. b3 c6 36. b4 Bxb4 37. Be6 Qg6 38. Qe3 Rd1+ 39. Kh2 Bd6 40.
Rg2 Qf6 41. Qa7+ Qe7 42. Bxf5+ Kh8 43. Qa8+ Qf8 44. Qxf8+ Bxf8 45. Be4 Bd6 46.
Rf2 Rd4 47. Bxc6 1/2-1/2

[Event "DMP - II Liga seniorow"]
[Site "Mrzezyno"]
[Date "2011.09.06"]
[Round "4"]
[White "Barglowski, Filip"]
[Black "Mulet, Piotr"]
[Result "0-1"]
[WhiteElo "2347"]
[BlackElo "2284"]
[PlyCount "126"]
[EventDate "2011.09.??"]

1. e4 e6 2. d4 d5 3. Nd2 Nf6 4. e5 Nfd7 5. c3 c5 6. Bd3 Nc6 7. Ne2 cxd4 8. cxd4
f6 9. exf6 Nxf6 10. Nf3 Bd6 11. O-O O-O 12. Bf4 Bxf4 13. Nxf4 Ne4 14. g3 g5 15.
Nh5 Bd7 16. Bxe4 dxe4 17. Ne5 Be8 18. Qg4 Nxd4 19. Rad1 Rf5 20. Qxe4 Rxe5 21.
Rxd4 Rxe4 22. Rxd8 Rxd8 23. Nf6+ Kg7 24. Nxe4 Kg6 25. f3 Bc6 26. Re1 Rd4 27.
Nc3 Bxf3 28. Rxe6+ Kf7 29. Re3 g4 30. h3 h5 31. hxg4 hxg4 32. Kf1 Rd2 33. b3
Kg6 34. a4 Kf5 35. a5 a6 36. Na4 Rg2 37. Nc5 Rxg3 38. Re7 Bd5 39. Nxb7 Rxb3 40.
Nc5 Rb5 41. Na4 Rxa5 42. Nc3 Bf3 43. Kf2 Rc5 44. Re3 Kf4 45. Ne2+ Bxe2 46. Rxe2
g3+ 47. Kg1 Kf3 48. Re1 a5 49. Rf1+ Kg4 50. Rf8 Rc1+ 51. Kg2 Rc2+ 52. Kg1 Ra2
53. Rf7 a4 54. Rf8 a3 55. Re8 Kf3 56. Rf8+ Ke4 57. Re8+ Kd4 58. Rd8+ Kc3 59.
Rc8+ Kb3 60. Rb8+ Kc2 61. Kg2 Rb2 62. Ra8 Kb1+ 63. Kxg3 a2 0-1

[Event "DMP - II Liga seniorow"]
[Site "Mrzezyno"]
[Date "2011.09.06"]
[Round "4"]
[White "Diczew, Filip"]
[Black "Szymanski, Piotr"]
[Result "1/2-1/2"]
[WhiteElo "2158"]
[BlackElo "2217"]
[PlyCount "64"]
[EventDate "2011.09.??"]

1. e4 g6 2. d4 Bg7 3. Nc3 c6 4. Be3 d5 5. e5 Qb6 6. Na4 Qa5+ 7. c3 Nh6 8. Nc5
Nf5 9. Qd2 Nxe3 10. Qxe3 e6 11. Bd3 Nd7 12. b4 Qc7 13. Nxd7 Bxd7 14. Nf3 a5 15.
a3 axb4 16. cxb4 O-O 17. O-O Ra7 18. a4 Rfa8 19. Bc2 b6 20. Rac1 Qd8 21. h4 Qe7
22. Rb1 Bc8 23. Rfc1 Ba6 24. g3 Bc4 25. Nd2 Rd8 26. Nxc4 dxc4 27. Be4 Rxa4 28.
Rxc4 b5 29. Rc5 Qd7 30. Bxc6 Qxd4 31. Qxd4 Rxd4 32. Rxb5 Bf8 1/2-1/2